[Event "CAN-ch U20 U1800"]
[Site "Toronto"]
[Date "2018.08.10"]
[Round "5.22"]
[White "Shi, Michael"]
[Black "Zhao, Jonathan"]
[Result "1/2-1/2"]
[WhiteElo "1486"]
[BlackElo "1742"]
[PlyCount "47"]
[EventDate "2018.08.08"]
[EventType "swiss"]
[EventRounds "9"]
[EventCountry "CAN"]
[SourceTitle "EXT 2022"]
[Source "ChessBase"]
[SourceDate "2021.10.06"]
[SourceVersion "1"]
[SourceVersionDate "2021.10.06"]
[SourceQuality "1"]

1. e4 d5 2. exd5 Qxd5 3. Nc3 Qa5 4. Nf3 Nf6 5. Bc4 Bg4 6. d3 Nc6 7. Bd2 Qh5 8. Bb5 e6 9. Qe2 Bb4 10. Bxc6+ bxc6 11. 0-0-0 Qa5 12. h3 Bxf3 13. Qxf3 Nd5 14. Nxd5 Bxd2+ 15. Rxd2 Qxa2 16. Nc3 Qa1+ 17. Nb1 Qa6 18. Qg4 0-0 19. Qc4 Qb6 20. Qb3 Qa5 21. Qa3 Qg5 22. g3 Rfb8 23. Nc3 Rb7 24. Ne4 1/2-1/2

[Event "CAN-ch U20 U1800"]
[Site "Toronto"]
[Date "2018.08.09"]
[Round "3.25"]
[White "Stroganov, Victor"]
[Black "Zhao, Jonathan"]
[Result "0-1"]
[WhiteElo "1445"]
[BlackElo "1742"]
[PlyCount "108"]
[EventDate "2018.08.08"]
[EventType "swiss"]
[EventRounds "9"]
[EventCountry "CAN"]
[SourceTitle "EXT 2022"]
[Source "ChessBase"]
[SourceDate "2021.10.06"]
[SourceVersion "1"]
[SourceVersionDate "2021.10.06"]
[SourceQuality "1"]

1. e4 d5 2. exd5 Qxd5 3. Nc3 Qa5 4. d4 Nf6 5. Nf3 Bf5 6. Bd3 Bxd3 7. Qxd3 Nc6 8. 0-0 e6 9. Bf4 a6 10. d5 Nb4 11. Qd4 Nxc2 12. Qc4 Nxa1 13. dxe6 0-0-0 14. exf7 Bd6 15. Qe6+ Kb8 16. Bg5 Nc2 17. Bxf6 gxf6 18. Qxf6 Nb4 19. Re1 Qh5 20. Ne5 Bxe5 21. Qxe5 Qxe5 22. Rxe5 Rhf8 23. a3 Nd3 24. Re7 Nxb2 25. h4 Nc4 26. Ne4 Nd6 27. Ng5 h6 28. Ne6 Rxf7 29. Rxf7 Nxf7 30. Nxd8 Nxd8 31. f4 Kc8 32. g4 Kd7 33. Kf2 Ke6 34. Kf3 b5 35. g5 hxg5 36. hxg5 Kf5 37. Ke3 c5 38. g6 Kxg6 39. Ke4 b4 40. Kd3 bxa3 41. Kc3 c4 42. Kc2 Kf5 43. Kb1 c3 44. Kc2 a2 45. Kxc3 a1Q+ 46. Kc4 Kxf4 47. Kc5 Qa5+ 48. Kd6 Qe5+ 49. Kd7 Qe6+ 50. Kc7 Qc6+ 51. Kxd8 Qb7 52. Ke8 Kf5 53. Kd8 Ke6 54. Ke8 Qc8# 0-1

[Event "CAN-ch U12"]
[Site "Sault Ste Marie"]
[Date "2017.07.07"]
[Round "3.62"]
[White "Gaisinsky, Jacob"]
[Black "Zhao, Jonathan"]
[Result "0-1"]
[WhiteElo "943"]
[BlackElo "1692"]
[PlyCount "96"]
[EventDate "2017.07.06"]
[EventType "swiss"]
[EventRounds "7"]
[EventCountry "CAN"]
[SourceTitle "EXT 2022"]
[Source "ChessBase"]
[SourceDate "2021.10.06"]
[SourceVersion "1"]
[SourceVersionDate "2021.10.06"]
[SourceQuality "1"]

1. e4 d5 2. exd5 Qxd5 3. Nc3 Qa5 4. d4 Nf6 5. Bc4 Bf5 6. Bd2 c6 7. Nf3 e6 8. a3 Qc7 9. Qe2 Bxc2 10. d5 cxd5 11. Bxd5 Nxd5 12. Nxd5 Qd7 13. Bf4 Qxd5 14. Qxc2 Qc6 15. Qd2 Be7 16. Rc1 Qe4+ 17. Be3 Nc6 18. 0-0 Rd8 19. Qc3 0-0 20. Rfe1 Qd3 21. Qxd3 Rxd3 22. Red1 Rfd8 23. Rxd3 Rxd3 24. Kf1 h6 25. Ke2 Rb3 26. Rc2 Bf6 27. Kd2 Rxb2 28. Rxb2 Bxb2 29. a4 Kf8 30. Kd3 Ke7 31. Nd4 Bxd4 32. Bxd4 Nxd4 33. Kxd4 Kd6 34. f4 f6 35. g3 e5+ 36. fxe5+ fxe5+ 37. Kc4 a6 38. a5 Kc6 39. h3 h5 40. g4 hxg4 41. hxg4 g5 42. Kb4 Kd5 43. Kb3 Kd4 44. Kc2 Ke3 45. Kd1 e4 46. Ke1 Kf3 47. Kf1 e3 48. Ke1 e2 0-1

[Event "CAN-ch U12"]
[Site "Sault Ste Marie"]
[Date "2017.07.06"]
[Round "2.54"]
[White "Zhao, Jonathan"]
[Black "Issani, Nameer"]
[Result "0-1"]
[WhiteElo "2157"]
[BlackElo "1692"]
[PlyCount "71"]
[EventDate "2017.07.06"]
[EventType "swiss"]
[EventRounds "7"]
[EventCountry "CAN"]
[SourceTitle "EXT 2022"]
[Source "ChessBase"]
[SourceDate "2021.10.06"]
[SourceVersion "1"]
[SourceVersionDate "2021.10.06"]
[SourceQuality "1"]

1. d4 Nf6 2. Nf3 e6 3. Nbd2 c5 4. e3 Nc6 5. Bd3 d5 6. c3 Bd6 7. e4 cxd4 8. cxd4 dxe4 9. Nxe4 Nd5 10. Nxd6+ Qxd6 11. 0-0 0-0 12. a3 a5 13. Re1 h6 14. Qe2 Rd8 15. Bb5 Nce7 16. Be3 b6 17. Rac1 Bb7 18. Rc2 Nf4 19. Bxf4 Qxf4 20. Qe3 Qg4 21. Bd3 Nd5 22. Qe4 Nf4 23. Qh7+ Kf8 24. Nh4 Qxh4 25. Rc7 Nh3+ 26. gxh3 Qg5+ 27. Kf1 Qg2+ 28. Ke2 Qf3+ 29. Kf1 Qxh3+ 30. Ke2 Qg4+ 31. Ke3 Qf3+ 32. Kd2 Qf4+ 33. Kd1 Bf3+ 34. Re2 Bxe2+ 35. Bxe2 Qxc7 36. Qh8+ 0-1

[Event "Windsor NAYCC U12"]
[Site "Windsor"]
[Date "2016.08.10"]
[Round "6.96"]
[White "Balderas Garza, Adolfo"]
[Black "Zhao, Jonathan"]
[Result "1-0"]
[WhiteElo "1956"]
[BlackElo "1650"]
[PlyCount "110"]
[EventDate "2016.08.07"]
[EventType "swiss"]
[EventRounds "9"]
[EventCountry "CAN"]
[SourceTitle "EXT 2022"]
[Source "ChessBase"]
[SourceDate "2021.10.06"]
[SourceVersion "1"]
[SourceVersionDate "2021.10.06"]
[SourceQuality "1"]

1. e4 d5 2. exd5 Qxd5 3. Nc3 Qa5 4. d4 Nf6 5. Bd3 Nc6 6. Nge2 Bf5 7. d5 Bxd3 8. dxc6 Be4 9. cxb7 Rd8 10. Qxd8+ Kxd8 11. b8Q+ Kd7 12. Qb5+ Qxb5 13. Nxb5 a6 14. Nbc3 Bxc2 15. 0-0 e6 16. Nd4 Bg6 17. Rd1 Bd6 18. Nf3 Rb8 19. b3 Ke7 20. Bb2 Rb6 21. Nh4 Bh5 22. Re1 Rb4 23. Nf5+ Kd7 24. Nxd6 cxd6 25. f3 h6 26. Rad1 d5 27. Rd2 Bg6 28. Ne2 Rb6 29. Be5 Ne8 30. Kf2 Rb5 31. Bd4 Bf5 32. g4 Bh7 33. Nc3 Rb7 34. Na4 Rb5 35. Nc5+ Kd6 36. Nxa6 Ra5 37. Nb4 f6 38. a4 Ra8 39. Bb6 Rb8 40. a5 Bg8 41. Red1 Bf7 42. Ke3 h5 43. h3 h4 44. Rc1 g6 45. a6 Ra8 46. a7 e5 47. Bc5+ Kd7 48. Nxd5 Bxd5 49. Rxd5+ Kc6 50. Rd2 Kb7 51. b4 f5 52. b5 Nc7 53. b6 Na6 54. Rd7+ Kc6 55. b7 Rxa7 1-0

[Event "Windsor NAYCC U12"]
[Site "Windsor"]
[Date "2016.08.08"]
[Round "2.96"]
[White "Tsay, Vincent"]
[Black "Zhao, Jonathan"]
[Result "1-0"]
[WhiteElo "1789"]
[BlackElo "1650"]
[PlyCount "47"]
[EventDate "2016.08.07"]
[EventType "swiss"]
[EventRounds "9"]
[EventCountry "CAN"]
[SourceTitle "EXT 2022"]
[Source "ChessBase"]
[SourceDate "2021.10.06"]
[SourceVersion "1"]
[SourceVersionDate "2021.10.06"]
[SourceQuality "1"]

1. d4 d5 2. Bf4 Nf6 3. e3 e6 4. Nd2 c5 5. c3 Bd6 6. Bg3 Nc6 7. Ngf3 0-0 8. Bd3 b6 9. Ne5 Ne7 10. 0-0 Bb7 11. Bh4 Ng6 12. Nxg6 hxg6 13. f4 Be7 14. Bxf6 Bxf6 15. g4 g5 16. Qf3 Qc7 17. Qh3 Rfd8 18. Nf3 gxf4 19. g5 e5 20. gxf6 e4 21. Ng5 gxf6 22. Qh7+ Kf8 23. Ne6+ fxe6 24. Qxc7 1-0

[Event "CAN-ch U12"]
[Site "Windsor"]
[Date "2016.07.06"]
[Round "2.50"]
[White "Rodrigue Lemieux, Shawn"]
[Black "Zhao, Jonathan"]
[Result "1-0"]
[WhiteElo "2130"]
[BlackElo "1585"]
[PlyCount "107"]
[EventDate "2016.07.05"]
[EventType "swiss"]
[EventRounds "7"]
[EventCountry "CAN"]
[SourceTitle "EXT 2022"]
[Source "ChessBase"]
[SourceDate "2021.10.06"]
[SourceVersion "1"]
[SourceVersionDate "2021.10.06"]
[SourceQuality "1"]

1. c4 e6 2. Nf3 Nf6 3. a3 d5 4. e3 Bd6 5. Nc3 Nbd7 6. d4 b6 7. cxd5 exd5 8. Bd3 Bb7 9. 0-0 0-0 10. Re1 Ne4 11. Qc2 Ndf6 12. Nb5 Be7 13. Qxc7 Qxc7 14. Nxc7 Rac8 15. Na6 Bxa6 16. Bxa6 Rc7 17. h3 Rb8 18. Bd3 Rbc8 19. Kf1 Bd6 20. Bd2 Kf8 21. Ke2 Ke7 22. Rac1 Rxc1 23. Rxc1 Rxc1 24. Bxc1 a5 25. Nd2 Nxd2 26. Bxd2 Ne4 27. Be1 g6 28. f3 Ng3+ 29. Kd2 f5 30. Kc3 Kd8 31. Kb3 h6 32. Ka4 Kc7 33. Bb5 g5 34. Be8 Nf1 35. Bf2 Nd2 36. Bb5 Nc4 37. Kb3 f4 38. Bxc4 dxc4+ 39. Kxc4 fxe3 40. Bxe3 Kb7 41. Kd5 Bf8 42. Ke6 b5 43. Kf7 Bd6 44. Kg7 Kc6 45. Kxh6 Bf4 46. Bxf4 gxf4 47. Kg5 b4 48. axb4 a4 49. h4 Kb5 50. h5 Kxb4 51. h6 Kb3 52. h7 Kxb2 53. h8Q a3 54. d5+ 1-0

[Event "CAN-ch U12"]
[Site "Windsor"]
[Date "2016.07.05"]
[Round "1.64"]
[White "Zhao, Jonathan"]
[Black "Wang, Terry"]
[Result "1-0"]
[WhiteElo "1585"]
[BlackElo "893"]
[PlyCount "35"]
[EventDate "2016.07.05"]
[EventType "swiss"]
[EventRounds "7"]
[EventCountry "CAN"]
[SourceTitle "EXT 2022"]
[Source "ChessBase"]
[SourceDate "2021.10.06"]
[SourceVersion "1"]
[SourceVersionDate "2021.10.06"]
[SourceQuality "1"]

1. d4 Nf6 2. Nf3 e6 3. Nbd2 Nc6 4. e4 d6 5. Bd3 Be7 6. 0-0 0-0 7. c3 Nb8 8. Qe2 c5 9. e5 dxe5 10. dxe5 Nd5 11. Ne4 Nf4 12. Bxf4 f6 13. exf6 Bxf6 14. Nxc5 Be7 15. Nxe6 Bxe6 16. Qxe6+ Kh8 17. Qe4 Nc6 18. Qxh7# 1-0

[Event "CAN-ch U10"]
[Site "Windsor"]
[Date "2015.07.09"]
[Round "7.100"]
[White "Bhanji, Areez"]
[Black "Zhao, Jonathan"]
[Result "1/2-1/2"]
[WhiteElo "1241"]
[BlackElo "1622"]
[PlyCount "95"]
[EventDate "2015.07.06"]
[EventType "swiss"]
[EventRounds "7"]
[EventCountry "CAN"]
[SourceTitle "EXT 2022"]
[Source "ChessBase"]
[SourceDate "2021.10.06"]
[SourceVersion "1"]
[SourceVersionDate "2021.10.06"]
[SourceQuality "1"]

1. e4 d5 2. exd5 Qxd5 3. Nc3 Qa5 4. d4 Nf6 5. Bd2 c6 6. Ne4 Qc7 7. Nxf6+ gxf6 8. g3 Bf5 9. Bg2 Nd7 10. Bf4 e5 11. dxe5 fxe5 12. Be3 0-0-0 13. Ne2 Bc5 14. Bxc5 Nxc5 15. Qc1 Qa5+ 16. Nc3 Ne4 17. Bxe4 Bxe4 18. 0-0 Bf3 19. Qe3 Bg4 20. a3 Bh3 21. Rfe1 Rde8 22. b4 Qa6 23. Qf3 f5 24. Ne2 f4 25. Qh5 Bd7 26. Nc3 fxg3 27. fxg3 Qc4 28. Qf3 Rhf8 29. Qd3 Qg4 30. Qe2 Qh3 31. Qg2 Qh5 32. Qe2 Bg4 33. Qe3 Qh3 34. Rf1 Kb8 35. a4 Rg8 36. Ne4 Rg6 37. Nf2 Qh5 38. Nxg4 Qxg4 39. b5 Qh3 40. bxc6 Rxc6 41. Qe2 Rec8 42. Qxe5+ Ka8 43. Rac1 Rxc2 44. Rxc2 Rxc2 45. Rf8+ Rc8 46. Qe8 Kb8 47. Qe5+ Ka8 48. Qe8 1/2-1/2

[Event "Toronto NAYCC U08"]
[Site "Toronto"]
[Date "2013.08.17"]
[Round "6"]
[White "Zhao, Jonathan"]
[Black "Lalwani, Jay"]
[Result "1-0"]
[WhiteElo "1196"]
[BlackElo "1509"]
[PlyCount "49"]
[EventDate "2013.08.14"]
[EventType "swiss"]
[EventRounds "9"]
[EventCountry "CAN"]
[SourceTitle "EXT 2022"]
[Source "ChessBase"]
[SourceDate "2021.10.06"]
[SourceVersion "1"]
[SourceVersionDate "2021.10.06"]
[SourceQuality "1"]

1. d4 d5 2. Nf3 Nf6 3. e3 c5 4. c3 e6 5. Bd3 c4 6. Bc2 Bd6 7. Nbd2 0-0 8. 0-0 Re8 9. e4 Nbd7 10. e5 Bxe5 11. dxe5 Ng4 12. Re1 Qb6 13. Qe2 Nc5 14. h3 Nh6 15. Nf1 Nf5 16. Ne3 Rd8 17. Rd1 Na6 18. Bxf5 exf5 19. Nxd5 Qc5 20. Nf6+ gxf6 21. Rxd8+ Kg7 22. exf6+ Kxf6 23. Bg5+ Kg6 24. Rg8+ Kh5 25. Nd4# 1-0

[Event "Toronto NAYCC U08"]
[Site "Toronto"]
[Date "2013.08.15"]
[Round "3"]
[White "Zhao, Jonathan"]
[Black "Tang, Andrew"]
[Result "0-1"]
[WhiteElo "1196"]
[BlackElo "1593"]
[PlyCount "60"]
[EventDate "2013.08.14"]
[EventType "swiss"]
[EventRounds "9"]
[EventCountry "CAN"]
[SourceTitle "EXT 2022"]
[Source "ChessBase"]
[SourceDate "2021.10.06"]
[SourceVersion "1"]
[SourceVersionDate "2021.10.06"]
[SourceQuality "1"]

1. d4 d5 2. Nf3 Nc6 3. e3 Nf6 4. Bd3 Bg4 5. h3 Bh5 6. g4 Bg6 7. c3 e6 8. Qc2 Bd6 9. Nbd2 Qe7 10. e4 dxe4 11. Nxe4 Nxe4 12. Bxe4 Qd7 13. Be3 0-0-0 14. 0-0-0 Kb8 15. Ne5 Bxe5 16. dxe5 Qe7 17. f4 Bxe4 18. Qxe4 h6 19. h4 Rxd1+ 20. Rxd1 Qxh4 21. Rg1 Rd8 22. f5 exf5 23. Qxf5 Qe7 24. Rf1 Qxe5 25. Qf2 Qe6 26. Qf3 Ne5 27. Qg3 Qxg4 28. Qxe5 Qg2 29. Rxf7 Qh1+ 30. Kc2 Qd1# 0-1

[Event "CAN-ch U08"]
[Site "Ottawa"]
[Date "2013.07.11"]
[Round "4"]
[White "Issani, Nameer"]
[Black "Zhao, Jonathan"]
[Result "1-0"]
[WhiteElo "1425"]
[BlackElo "1123"]
[PlyCount "122"]
[EventDate "2013.07.10"]
[EventType "swiss"]
[EventRounds "6"]
[EventCountry "CAN"]
[SourceTitle "EXT 2022"]
[Source "ChessBase"]
[SourceDate "2021.10.06"]
[SourceVersion "1"]
[SourceVersionDate "2021.10.06"]
[SourceQuality "1"]

1. e4 e5 2. Nf3 Nc6 3. Bb5 Bc5 4. 0-0 d6 5. h3 Nf6 6. Re1 0-0 7. c3 d5 8. exd5 Qxd5 9. Bxc6 Qxc6 10. Nxe5 Qd6 11. d4 Bb6 12. Bf4 Qd5 13. Nd2 Bf5 14. Qf3 Qxf3 15. Ndxf3 Nd5 16. Bg3 f6 17. Nc4 Rac8 18. a4 a5 19. Na3 Rfe8 20. Rxe8+ Rxe8 21. Re1 Rxe1+ 22. Nxe1 Kf7 23. c4 Nb4 24. c5 Ba7 25. Bxc7 Nc6 26. Nb5 Ke6 27. Nxa7 Nxa7 28. Bxa5 Kd5 29. g4 Be4 30. f3 Bb1 31. Bc3 Nc6 32. b4 Ba2 33. Nc2 Kc4 34. b5 Kxc3 35. bxc6 bxc6 36. Ne3 Kxd4 37. Nf5+ Kxc5 38. Nxg7 Kd4 39. Nf5+ Ke5 40. Kf2 Bc4 41. Ke3 Ba6 42. f4+ Kd5 43. Nd4 c5 44. Nb5 Bxb5 45. axb5 c4 46. b6 Kc6 47. Kd4 Kxb6 48. Kxc4 Kc6 49. Kd4 Kd6 50. Ke4 Ke6 51. h4 h6 52. h5 Ke7 53. Kd5 Kd7 54. f5 Ke7 55. Kc6 Ke8 56. Kd6 Kf7 57. Kd7 Kf8 58. Ke6 Kg7 59. Ke7 Kg8 60. Kxf6 Kf8 61. Kg6 Ke7 1-0

[Event "CAN-ch U08"]
[Site "Ottawa"]
[Date "2013.07.10"]
[Round "1"]
[White "Wu, Lucian"]
[Black "Zhao, Jonathan"]
[Result "0-1"]
[WhiteElo "599"]
[BlackElo "1123"]
[PlyCount "60"]
[EventDate "2013.07.10"]
[EventType "swiss"]
[EventRounds "6"]
[EventCountry "CAN"]
[SourceTitle "EXT 2022"]
[Source "ChessBase"]
[SourceDate "2021.10.06"]
[SourceVersion "1"]
[SourceVersionDate "2021.10.06"]
[SourceQuality "1"]

1. d4 d5 2. c4 e6 3. Nc3 Nf6 4. Nf3 Bd6 5. e3 c6 6. Bd3 Nbd7 7. 0-0 0-0 8. Re1 e5 9. a3 e4 10. Be2 exf3 11. Bxf3 dxc4 12. e4 Bc7 13. e5 Ne8 14. Be2 Nb6 15. Kh1 f6 16. f4 fxe5 17. fxe5 Bf5 18. Bf3 Qh4 19. Be3 Rd8 20. Qe2 Bd3 21. Qf2 Qxf2 22. Bxf2 g5 23. Be4 Rxf2 24. Bxd3 cxd3 25. e6 Rxd4 26. e7 Kf7 27. b4 Rd7 28. Rad1 Rxe7 29. Rxe7+ Kxe7 30. Rxd3 Rf1# 0-1